[Event "London op"]
[Site "London"]
[Date "1994.??.??"]
[Round "1"]
[White "Costello, Colin"]
[Black "Sagall, Roy"]
[Result "0-1"]
[WhiteElo "2160"]
[BlackElo "2155"]
[PlyCount "86"]
[EventDate "1994.??.??"]
[EventType "swiss"]
[EventRounds "10"]
[EventCountry "ENG"]
[SourceTitle "EXT 1998"]
[Source "ChessBase"]
[SourceDate "1997.11.17"]
[SourceVersion "1"]
[SourceVersionDate "1997.11.17"]
[SourceQuality "1"]

1. c4 e6 2. Nc3 d5 3. d4 Nf6 4. Bg5 Be7 5. cxd5 Nxd5 6. Bxe7 Qxe7 7. e4 Nxc3 8. bxc3 c5 9. Rb1 0-0 10. Nf3 b6 11. Bd3 Bb7 12. 0-0 Nd7 13. Re1 cxd4 14. cxd4 Nf6 15. a4 Rfc8 16. a5 bxa5 17. Qb3 Rab8 18. Ne5 g6 19. Nc4 Qd8 20. Qc3 Nxe4 21. Rxe4 Bxe4 22. Rxb8 Rxb8 23. Bxe4 Qc7 24. Qd3 Rb4 25. Nd2 Qc1+ 26. Nf1 Qc4 27. Qg3 Qxd4 28. Bf3 Qd3 29. Qe5 Rb1 30. Be2 Qd5 31. Qc3 a4 32. h4 h5 33. Kh2 Qe4 34. Bd3 Qxh4+ 35. Kg1 Rb3 36. Qc2 Qf6 37. Ng3 Rb2 38. Qc8+ Kg7 39. Ne4 Qd4 40. Bf1 a3 41. Qc6 a2 42. Nd6 Rxf2 43. Ne8+ Kh7 0-1

[Event "Cappelle op 10th"]
[Site "Cappelle la Grande"]
[Date "1994.??.??"]
[Round "2"]
[White "Kovacevic, Slobodan"]
[Black "Sagall, Roy"]
[Result "0-1"]
[WhiteElo "2400"]
[BlackElo "2155"]
[PlyCount "110"]
[EventDate "1994.02.??"]
[EventType "swiss"]
[EventRounds "9"]
[EventCountry "FRA"]
[SourceTitle "EXT 1999"]
[Source "ChessBase"]
[SourceDate "1998.11.16"]
[SourceVersion "1"]
[SourceVersionDate "1998.11.16"]
[SourceQuality "1"]

1. d4 Nf6 2. Nf3 d5 3. Bf4 c5 4. e3 Qb6 5. Nc3 a6 6. a3 Bg4 7. Be2 e6 8. 0-0 Nbd7 9. Rb1 Bd6 10. Na4 Qc7 11. Bxd6 Qxd6 12. b4 cxd4 13. exd4 b6 14. Rb3 0-0 15. Nb2 Ne4 16. c4 dxc4 17. Nxc4 Qc7 18. Re3 Nef6 19. Nfe5 Bxe2 20. Qxe2 Rad8 21. Rg3 Qb7 22. Re1 Qd5 23. Ne3 Qe4 24. Nf3 b5 25. Ng5 Qxd4 26. Ng4 Nxg4 27. Rxg4 Qe5 28. Rd1 Qf5 29. Rg3 Nf6 30. Re1 Rd5 31. h4 h6 32. Rf3 Qg4 33. Nh3 Rd4 34. Qe5 Qxh4 35. Nf4 Rfd8 36. Ne2 Rd1 37. Ng3 R8d5 38. Qe2 Qd4 39. Re3 Rxe1+ 40. Qxe1 Qd1 41. Kf1 Ng4 42. Re4 Qb3 43. Rxg4 Rd1 44. Re4 Qd3+ 45. Kg1 Rxe1+ 46. Rxe1 Qxa3 47. Re4 g5 48. Kh2 a5 49. bxa5 Qxa5 50. Nf1 Qc7+ 51. Kg1 Qc3 52. Ne3 b4 53. g4 b3 54. Rc4 Qe1+ 55. Kg2 b2 0-1

[Event "Cappelle op 10th"]
[Site "Cappelle la Grande"]
[Date "1994.??.??"]
[Round "3"]
[White "Sagall, Roy"]
[Black "Pedzich, Dominik"]
[Result "0-1"]
[WhiteElo "2155"]
[BlackElo "2400"]
[PlyCount "82"]
[EventDate "1994.02.??"]
[EventType "swiss"]
[EventRounds "9"]
[EventCountry "FRA"]
[SourceTitle "EXT 1999"]
[Source "ChessBase"]
[SourceDate "1998.11.16"]
[SourceVersion "1"]
[SourceVersionDate "1998.11.16"]
[SourceQuality "1"]

1. Nf3 Nf6 2. c4 g6 3. g3 Bg7 4. Bg2 c6 5. Nc3 d5 6. cxd5 cxd5 7. d4 0-0 8. Ne5 e6 9. Bg5 Qb6 10. Qd2 Nfd7 11. Nf3 Nc6 12. Rd1 Nf6 13. Bxf6 Bxf6 14. 0-0 Bg7 15. b3 Qb4 16. e3 Rd8 17. Ne1 b6 18. Nd3 Qe7 19. Rc1 Bb7 20. Rc2 Nb4 21. Nxb4 Qxb4 22. Qd3 a5 23. Rfc1 Ba6 24. Qd1 b5 25. Bf1 Rdb8 26. Bd3 Bf8 27. Qe2 Rb6 28. Nb1 Ra7 29. Rc3 Qd6 30. Nd2 a4 31. R3c2 Qd7 32. Nb1 Bd6 33. Kg2 Kg7 34. h4 h5 35. Qd2 Bb7 36. Kg1 e5 37. dxe5 Bxe5 38. Bf1 d4 39. Rc5 Qd6 40. exd4 Bxd4 41. Rg5 axb3 0-1

[Event "Cappelle op 10th"]
[Site "Cappelle la Grande"]
[Date "1994.??.??"]
[Round "6"]
[White "Suleymanov, Salman"]
[Black "Sagall, Roy"]
[Result "1-0"]
[WhiteElo "2350"]
[BlackElo "2155"]
[PlyCount "55"]
[EventDate "1994.02.??"]
[EventType "swiss"]
[EventRounds "9"]
[EventCountry "FRA"]
[SourceTitle "EXT 1999"]
[Source "ChessBase"]
[SourceDate "1998.11.16"]
[SourceVersion "1"]
[SourceVersionDate "1998.11.16"]
[SourceQuality "1"]

1. e4 c5 2. Nf3 d6 3. d3 Nf6 4. g3 g6 5. Bg2 Bg7 6. 0-0 Nc6 7. Re1 0-0 8. Nbd2 Rb8 9. c3 Nd7 10. Nb3 a5 11. a4 b5 12. axb5 Rxb5 13. d4 cxd4 14. Nfxd4 Nxd4 15. Nxd4 Rc5 16. Nb3 Rh5 17. g4 Re5 18. h3 Qb6 19. Be3 Qb8 20. Nxa5 Qxb2 21. Bd4 Rb5 22. Re2 Qxa1 23. Qxa1 Ba6 24. Nc6 Bxd4 25. cxd4 Ra8 26. Ra2 Nb8 27. Bf1 Rb6 28. Nxb8 1-0

[Event "London SCCU op"]
[Site "London"]
[Date "1993.??.??"]
[Round "8"]
[White "Sagall, Roy"]
[Black "Murugan, Krishnamoorthy"]
[Result "1/2-1/2"]
[WhiteElo "2130"]
[BlackElo "2410"]
[PlyCount "77"]
[EventDate "1993.??.??"]
[EventType "swiss"]
[EventRounds "8"]
[EventCountry "ENG"]
[SourceTitle "EXT 1998"]
[Source "ChessBase"]
[SourceDate "1997.11.17"]
[SourceVersion "1"]
[SourceVersionDate "1997.11.17"]
[SourceQuality "1"]

1. d4 d5 2. Nf3 Nf6 3. c4 e6 4. g3 Be7 5. Bg2 0-0 6. 0-0 dxc4 7. Qa4 a6 8. Qxc4 b5 9. Qc2 Bb7 10. Bf4 Nc6 11. Rd1 Nb4 12. Qc1 Rc8 13. a3 Nbd5 14. Nc3 c5 15. dxc5 Bxc5 16. Nxd5 Bxd5 17. Be3 Bb6 18. Qd2 Ne4 19. Bxb6 Qxb6 20. Qd4 Qb7 21. Nd2 Nf6 22. Bxd5 Nxd5 23. Rac1 Qb6 24. Nb3 h6 25. e4 Qxd4 26. Nxd4 Rxc1 27. Rxc1 Nf6 28. Rc6 Rd8 29. Nf3 Nxe4 30. Rxa6 Rd1+ 31. Kg2 Rb1 32. b4 Rb2 33. Nd4 Rxf2+ 34. Kg1 Rd2 35. Nxb5 Ng5 36. Rd6 Nf3+ 37. Kf1 Nxh2+ 38. Ke1 Nf3+ 39. Kf1 1/2-1/2